000 00631nam a2200193 i 4500
001 46953
003 ES-MaACL
005 20250829062530.0
007 t|
008 030402s1977 sp |||| | spa d
245 0 0 _aContabilidad /
_cpreparada por Rafael Ramos Cerveró ... [et al.].
260 _a[Madrid] :
_bUniversidad Nacional de Educación a Distancia,
_c[1977]
300 _a1 v. (pag. var.) ;
_c23 cm.
650 0 4 _aContabilidad.
_911307
700 1 _aRamos Cerveró, Rafael.
_995295
710 2 _aUniversidad Nacional de Educación a Distancia (España)
_97405
852 _aES-MaACL
_jL-3247
999 _c46953
_d46953